000 02131nam a2200337 a 4500
001 000045355
003 DO-SdBPM
005 20260519122655.0
007 ta
008 111027s2011 dr 000 0 spa d
040 _aDO-SdBPM
_bspa
_cBPMSU
_drda
082 _a344.7293092
_bR426L, 2011
_222
110 1 _aRepública Dominicana.
240 1 0 _a[Leyes, etc.]
245 1 0 _aLey general de archivos de la República Dominicana Nº. 481-08 y su reglamento de aplicación decreto nº. 129-10 /
_ceditor Juan Francisco Dominguez Novas
260 _c
264 _aSanto Domingo :
_bArchivo General de la Nación,
_c2011
300 _a121 páginas ;
_c23 cm.
336 _atexto
_btxt
_2rdacontent
337 _asin mediación
_bn
_2rdamedia
338 _avolumen
_bnc
_2rdacarrier
505 0 _aPresentación, 7.-- Ley General de Archivos de la República Dominicana, No.481-08, 11.-- Título I / El Sistema Nacional de Archivos, 15.-- Definiciones, 15.-- Objeto y ámbito de la aplicación, 21.-- Sobre el Sistema Nacional de Archivos, 22.-- Título II / El Archivo General de la Nación, 25.-- Título III / Los archivos de la SNA, 33.-- Archivos públicos, 33.-- Archivos regionales, 36.-- Archivos privados, 39.-- Título IV / Órganos técnicos del AGN y el SNA, 41.-- De la Junta de Coordinación Técnica, 41.-- De la Comisión de Evaluación y Acceso e Fondos Documentales, 43.-- Título V / Normativas legales del uso de documentación, 46.-- Procesos archivísticos, 46.-- Acceso y consulta de los documentos, 47.-- Protección al Patrimonio Documental de la Nación, 48-- Título VI / Del régimen económico y financiero, 50.-- Título VII / Régimen de sanciones y disposiciones legales, 51.-- Régimen de sanciones, 51.-- Disposiciones finales, 54.
590 _aInventariado, 2026/VM
650 7 _aLegislación archivística
_zRepública Dominicana
_v
650 7 _a Ley no. 481 -- 08
650 7 _aLeyes
_zRepública Dominicana
700 1 _a Dominguez Novas, Juan Francisco
_eeditor
710 _aArchivo General de la Nación
910 _aVMateo V. Control de calidad BPMSU
942 _2ddc
_cBK
999 _c15850
_d15850